000 00564nmm a2200169Ia 4500
008 251105s9999||||xx |||||||||||||||||und||
020 _a9788437095103
041 _aspa
100 _aCallado Estela, Emilio
245 0 _aEl paraíso que no fue :
_b El convento de Nuestra Señora de Belén de Valencia
264 _a[Madrid, España] :
_bPublicaciones de la Universidad de Valencia (PUV),
_c2015
300 _a297 páginas
490 _aFora de Col·lecció
650 _aReligion(s)
856 _uhttps://public.digitaliapublishing.com/a/38837
942 _cCF
999 _c82665
_d82665